[Event "Swiss Queens Wed #36 2024"]
[Site "FIDE Online Arena INT"]
[Date "2024.10.02"]
[Round "10.34"]
[White "Shuvalova,Polina"]
[Black "Krush,I"]
[Result "1-0"]
[WhiteElo "2472"]
[BlackElo "2388"]

1.d4 Nf6 2.Nc3 d5 3.Bf4 e6 4.Nb5 Na6 5.Nf3 c6 6.Na3 Nc7 7.e3 Bd6 8.Bd3 b6
9.O-O Ba6 10.Ne5 Bb7 11.c4 O-O 12.Rc1 c5 13.dxc5 bxc5 14.Bg3 Qe7 15.Qa4 Nh5
16.Nf3 Nxg3 17.hxg3 Rfd8 18.Rfd1 h6 19.Be2 Qf6 20.cxd5 exd5 21.b3 Ne6 22.Nb5 Bf8
23.Qa5 a6 24.Nc7 Rac8 25.Nxe6 Qxe6 26.Rd2 d4 27.exd4 Bxf3 28.Bxf3 cxd4 29.Rxc8 Rxc8
30.Rxd4 Rc1+ 31.Kh2 Qe1 32.Qxe1 Rxe1 33.Ra4 Re6 34.Bd5 Rd6 35.Bc4 Rd2 36.f4 Bc5
37.Rxa6 Bf2 38.Ra8+ Kh7 39.Bxf7 Rd3 40.Bg8+ Kg6 41.Ra6+ Kh5 42.Bf7+ Kg4 43.Rg6+ Kf5
44.Rxg7 Rd2 45.Bh5 Kf6 46.Rg6+ Kf5 47.Ra6 Rd3 48.Bf3 Rc3 49.Rxh6 Rc1 50.Rh5+ Kg6
51.Rb5 Kf6 52.Kh3 Rc3 53.Kg4 Be1 54.Rf5+ Kg6 55.Rg5+ Kf6 56.Re5 Kf7 57.Rxe1  1-0

[Event "ch-USA w 2024"]
[Site "Saint Louis USA"]
[Date "2024.10.11"]
[Round "1.3"]
[White "Pourkashiyan,A"]
[Black "Krush,I"]
[Result "1/2-1/2"]
[WhiteElo "2269"]
[BlackElo "2388"]

1.e4 c5 2.Nf3 e6 3.d4 cxd4 4.Nxd4 a6 5.c4 Nf6 6.Nc3 Qc7 7.Be2 Bb4 8.Qd3 Nc6
9.O-O O-O 10.Bg5 Be7 11.Be3 d6 12.Rac1 Bd7 13.f3 Rfc8 14.b3 Qa5 15.a4 d5
16.exd5 exd5 17.Nxd5 Nxd5 18.cxd5 Qxd5 19.Nxc6 Bxc6 20.Qxd5 Bxd5 21.Bc4 Bxc4
22.Rxc4 Rxc4 23.bxc4 Rc8 24.Rb1 Rc7 25.c5 h6 26.Kf1 Bxc5 27.Bxc5 Rxc5 28.Rxb7 Rc4
29.Rb8+ Kh7 30.Rb7 f5 31.a5 Ra4 32.Kf2 Rxa5 33.Kg3 Rb5 34.Ra7 Rb6 35.h4 Kg6
36.Kh3 h5 37.g4 fxg4+ 38.fxg4 hxg4+ 39.Kxg4 Kf6 40.h5 Rb4+ 41.Kf3 Ra4 42.Ke3 Ra1
43.Kf4 a5 44.Ra6+ Kf7 45.Kf5 a4 46.Ra7+ Kg8 47.Kg6 Rg1+ 48.Kf5 Kh7 49.Rxa4 Kh6
50.Rh4 Rg5+ 51.Kf4 Rxh5 52.Kg4 Rxh4+ 53.Kxh4 g5+ 54.Kg4 Kg6 55.Kg3 g4 56.Kxg4  1/2-1/2

[Event "ch-USA w 2024"]
[Site "Saint Louis USA"]
[Date "2024.10.12"]
[Round "2.4"]
[White "Krush,I"]
[Black "Lee,Megan"]
[Result "1-0"]
[WhiteElo "2388"]
[BlackElo "2253"]

1.c4 g6 2.d4 Nf6 3.Nc3 d5 4.Nf3 Bg7 5.Bg5 Ne4 6.cxd5 Nxg5 7.Nxg5 e6 8.Nf3 exd5
9.e3 O-O 10.Be2 c6 11.O-O Re8 12.Rc1 Qd6 13.Na4 b6 14.a3 Nd7 15.Qc2 Bb7 16.Rfd1 Rac8
17.b4 f5 18.g3 Nf6 19.Nb2 Ng4 20.Nd3 Ba6 21.Nf4 Bxe2 22.Qxe2 Bh6 23.Qd3 Re4
24.b5 g5 25.Ng2 f4 26.exf4 gxf4 27.Rxc6 Rxc6 28.bxc6 fxg3 29.hxg3 Qxc6 30.Nd2 Re7
31.Qf3 Qd7 32.Qd3 Rf7 33.f3 Nf6 34.Nf1 Nh5 35.Re1 Bg7 36.Kh2 Qa4 37.Qe3 Qxd4
38.Qe8+ Bf8 39.Nfe3 Nf6 40.Qe6 Nd7 41.Nxd5 Nc5 42.Qc6 Rf5 43.Ndf4 Rf6 44.Qe8 Rh6+
45.Nh5 Qd7 46.g4 Qxe8 47.Rxe8 Rd6 48.Nh4 Rd2+ 49.Kh3 Rd3 50.g5 Kf7 51.Ra8 Rxa3
52.Kg4 Nd7 53.f4 b5 54.Rc8 b4 55.Rc7 Ke6 56.Nf5 Nc5 57.Rxh7 b3 58.Nd4+ Kd5
59.Nxb3 Nxb3 60.g6 Nc5 61.Rh8 Ne6 62.Rxf8 Ra1 63.Rf7 a5 64.f5 Ra4+ 65.Kg3 Ra3+
66.Kf2 Ra2+ 67.Ke1 Ra1+ 68.Kd2 Ra2+ 69.Kc3 Nc5 70.g7 Ne4+ 71.Kb3 Rg2 72.Nf4+  1-0

[Event "ch-USA w 2024"]
[Site "Saint Louis USA"]
[Date "2024.10.13"]
[Round "3.2"]
[White "Zatonskih,A"]
[Black "Krush,I"]
[Result "1/2-1/2"]
[WhiteElo "2312"]
[BlackElo "2388"]

1.d4 Nf6 2.Nc3 d5 3.Bf4 e6 4.Nb5 Na6 5.a4 c6 6.Na3 Bd6 7.e3 Bxf4 8.exf4 Qd6
9.Qc1 b6 10.Nf3 O-O 11.c3 Nc7 12.Bd3 Ba6 13.Bxa6 Nxa6 14.O-O Nc7 15.Ne5 a5
16.Qc2 g6 17.Rfd1 b5 18.Qe2 Rfb8 19.Nc2 bxa4 20.Ne1 c5 21.dxc5 Qxc5 22.Rxa4 Nb5
23.N1d3 Qc7 24.Rda1 Ne4 25.Qe1 Nbd6 26.h3 Rb3 27.Qd1 Rb5 28.Qe2 Rab8 29.R1a2 R8b7
30.Qe3 Nf5 31.Qe1 Nfd6 32.Qe3 Nf5 33.Qe1 Nfd6  1/2-1/2

[Event "ch-USA w 2024"]
[Site "Saint Louis USA"]
[Date "2024.10.17"]
[Round "6.2"]
[White "Krush,I"]
[Black "Atwell,Rose"]
[Result "1-0"]
[WhiteElo "2388"]
[BlackElo "2185"]

1.c4 e5 2.Nc3 Nf6 3.Nf3 Nc6 4.e3 Bb4 5.Qc2 O-O 6.Nd5 Re8 7.Bd3 h6 8.a3 Bf8
9.Nxf6+ Qxf6 10.Be4 d6 11.b4 Bg4 12.Bb2 Ne7 13.Bxb7 Rab8 14.Be4 c6 15.d4 Qe6
16.dxe5 dxe5 17.Nxe5 Bh5 18.O-O a5 19.bxa5 f6 20.Bf3 fxe5 21.Bxh5 g6 22.Be2 Nf5
23.c5 Kh7 24.Rab1 Qe7 25.Rfc1 e4 26.a6 Qg5 27.Ba1 Nh4 28.g3 Bxc5 29.Qc3 Nf5
30.Rxb8 Rxb8 31.Qxc5  1-0

[Event "ch-USA w 2024"]
[Site "Saint Louis USA"]
[Date "2024.10.18"]
[Round "7.5"]
[White "Yu,Jennifer"]
[Black "Krush,I"]
[Result "1-0"]
[WhiteElo "2267"]
[BlackElo "2388"]

1.e4 c5 2.d4 cxd4 3.Qxd4 Nc6 4.Qd3 Nf6 5.Nc3 e6 6.Bf4 Bb4 7.O-O-O O-O 8.f3 d5
9.exd5 exd5 10.Nge2 Be6 11.Nb5 Rc8 12.Ned4 Bc5 13.Kb1 a6 14.Nxc6 bxc6 15.Nd4 Bxd4
16.Qxd4 c5 17.Qa4 d4 18.c4 Nh5 19.Bc1 Bf5+ 20.Ka1 Qd6 21.g4 Bd7 22.Qc2 Nf4
23.h4 f5 24.Rg1 fxg4 25.fxg4 Rce8 26.h5 Bc6 27.Bd3 Nxd3 28.Qxd3 Rf3 29.Qd2 Qe6
30.h6 Qxc4 31.Qg5 Rf7 32.Rge1 Be4 33.b3 Qc2 34.Bb2 Bc6 35.Rxe8+ Bxe8 36.Re1 Bc6
37.Rc1 Qe2 38.Qxc5 d3 39.Qxc6 d2 40.Qa8+ Rf8 41.Qd5+  1-0

[Event "ch-USA w 2024"]
[Site "Saint Louis USA"]
[Date "2024.10.19"]
[Round "8.1"]
[White "Lee,Alice"]
[Black "Krush,I"]
[Result "1-0"]
[WhiteElo "2395"]
[BlackElo "2388"]

1.d4 Nf6 2.c4 g6 3.Nc3 Bg7 4.e4 d6 5.Be2 O-O 6.Be3 Nbd7 7.Nf3 e5 8.O-O Qe7
9.Re1 c6 10.d5 c5 11.Nd2 Kh8 12.a3 Ng8 13.b4 f5 14.f3 f4 15.Bf2 b6 16.bxc5 Nxc5
17.a4 Bd7 18.a5 Bf6 19.axb6 axb6 20.Rxa8 Rxa8 21.Qb1 Ra6 22.Qb2 Nh6 23.Ra1 Rxa1+
24.Qxa1 Nf7 25.Qa7 Bh4 26.g3 Bg5 27.Nf1 Qd8 28.Nb5 h5 29.Nc7 fxg3 30.hxg3 h4
31.Qxb6 Na4 32.Qa7 Nc3 33.Bd3 Nd1 34.Bb6 Qf6 35.Ne6 Qxf3 36.Qxd7 Bh6 37.Be2 Qxe2
38.Qe8+ Kh7 39.Qxf7+ Kh8 40.Qxg6 Be3+ 41.Bxe3  1-0

[Event "ch-USA w 2024"]
[Site "Saint Louis USA"]
[Date "2024.10.21"]
[Round "9.1"]
[White "Krush,I"]
[Black "Tokhirjonova,Gulrukhbegim"]
[Result "0-1"]
[WhiteElo "2388"]
[BlackElo "2374"]

1.c4 e5 2.Nc3 Nc6 3.g3 g6 4.Bg2 Bg7 5.Rb1 a5 6.e3 d6 7.Nge2 h5 8.h4 Nf6 9.a3 O-O
10.O-O Bg4 11.d3 Qd7 12.b3 Rae8 13.Bd2 Ne7 14.Ne4 Nxe4 15.dxe4 b6 16.Qe1 a4
17.b4 Be6 18.Rc1 c6 19.c5 b5 20.Kh2 Rd8 21.cxd6 Qxd6 22.Bc3 Bb3 23.Rh1 Nc8
24.Bf3 Qe6 25.Qg1 f5 26.Qg2 Nd6 27.exf5 Qxf5 28.Bxc6 Qxf2 29.Nf4 Qxg2+ 30.Nxg2 Rc8
31.Ba1 Rf2 32.Rc5 Kh7 33.Rg1 Nf5 34.Bxb5 Rxc5 35.bxc5 Bd5 36.Kh3 Be6 37.g4 hxg4+
38.Kxg4 Nd4+ 39.Kg3 Rf3+  0-1

[Event "ch-USA w 2024"]
[Site "Saint Louis USA"]
[Date "2024.10.22"]
[Round "10.3"]
[White "Abrahamyan,T"]
[Black "Krush,I"]
[Result "0-1"]
[WhiteElo "2327"]
[BlackElo "2388"]

1.e4 c5 2.Nf3 e6 3.d4 cxd4 4.Nxd4 a6 5.Nc3 Qc7 6.Bd3 Bc5 7.Nb3 Ba7 8.Qg4 Kf8
9.Bf4 d6 10.Qe2 Ne7 11.O-O-O e5 12.Bg3 h5 13.h4 Be6 14.Qd2 Nbc6 15.Rhf1 Nb4
16.f4 Nxd3+ 17.cxd3 Nc6 18.Kb1 f6 19.Nd5 Qf7 20.Nb4 a5 21.Nxc6 bxc6 22.fxe5 dxe5
23.Bxe5 a4 24.Nc1 Kg8 25.Bc3 Rh6 26.d4 Bc4 27.Rf5 Re8 28.Qc2 Rg6 29.Qxa4 Rxg2
30.Qxc6 Be6 31.Ra5 Bb8 32.Ra8 Bd7 33.Qb7 Bg3 34.Ra7 Be6 35.Qc6 Qg6 36.Ka1 Bg4
37.e5 Rf2 38.Rg1 Bxh4 39.d5 Rf8 40.e6 Rc2 41.e7 Re8 42.Nd3 Kh7 43.Nf4 Qe4
44.Qxe8 Qxf4 45.a3 Rxc3 46.bxc3 Qe3 47.Qc6 Qxg1+ 48.Kb2 Bf5 49.Kb3 Qb1+ 50.Ka4 Qe4+
51.Ka5 Bg6 52.Ra8 Qxe7 53.a4 Be1 54.Qc8 Kh6 55.Ka6 Bd3+ 56.c4 Qb4 57.Qh8+ Bh7
58.Qc8 Qxa4+ 59.Kb7 Qb4+ 60.Ka6 Qa4+ 61.Kb7 Qb4+ 62.Ka6 Bf2 63.Qc7 Bd3 64.Qf4+ Kh7
65.Qxf2 Bxc4+ 66.Ka7 Qa5+ 67.Kb8 Qd8+  0-1

[Event "Swiss Queens Wed #44 2024"]
[Site "FIDE Online Arena INT"]
[Date "2024.11.27"]
[Round "1.266"]
[White "Nithyalakshmi,Sivanesan"]
[Black "Krush,I"]
[Result "0-1"]
[WhiteElo "1938"]
[BlackElo "2377"]

1.e4 c5 2.Nf3 d6 3.d4 cxd4 4.Nxd4 Nf6 5.Nc3 Nc6 6.Bg5 e6 7.f4 Qb6 8.Nb3 Be7
9.Qf3 h6 10.Bxf6 Bxf6 11.Nb5 O-O 12.O-O-O d5 13.e5 Be7 14.Bd3 Nb4 15.Kb1 Nxd3
16.Qxd3 Bd7 17.N5d4 a5 18.f5 a4 19.Nc1 a3 20.b3 Rfc8 21.f6 gxf6 22.Qg3+ Kh7
23.Rhf1 f5 24.Nce2 Rg8 25.Qh3 Rg4 26.Nf4 Rag8 27.g3 Qc7 28.Nh5 Qxe5 29.Nf3 Qb2+  0-1

[Event "Swiss Queens Wed #44 2024"]
[Site "FIDE Online Arena INT"]
[Date "2024.11.27"]
[Round "2.245"]
[White "Krush,I"]
[Black "Shukhman,Anna"]
[Result "1-0"]
[WhiteElo "2377"]
[BlackElo "2245"]

1.Nf3 Nf6 2.c4 e6 3.d4 c5 4.e3 d5 5.Nc3 Nc6 6.a3 a6 7.dxc5 Bxc5 8.b4 Be7
9.Bb2 O-O 10.cxd5 Nxd5 11.Nxd5 exd5 12.Be2 Bf6 13.Qd2 Bg4 14.O-O Bxf3 15.Bxf3 Ne5
16.Bxe5 Bxe5 17.Rad1 Qc7 18.g3 Rad8 19.Bxd5 Rd6 20.e4 Rfd8 21.Rc1 Qb6 22.Kg2 Kh8
23.Qg5 f6 24.Qd2 f5 25.Qe2 fxe4 26.Bxe4 Bd4 27.Rcd1 Rf8 28.f3 Rh6 29.Qc4 Bb2
30.Rd3 Qf6 31.Rfd1 Qg5 32.Qc5 Qxc5 33.bxc5 Bxa3 34.Bxb7 Bxc5 35.Rd8 Rf6 36.Rxf8+ Rxf8
37.Bxa6 Ra8 38.Bd3 g6 39.Kh3 Kg7 40.Be4 Ra7 41.Rd5 Be7 42.Re5 Bf6 43.Re6 Rc7
44.Ra6 Rd7 45.Kg4 Rc7 46.h4 h5+ 47.Kf4 Rf7 48.Ke3 Rc7 49.g4 hxg4 50.fxg4 Bxh4
51.Rxg6+ Kf7 52.Ra6 Bg5+ 53.Kf3 Rc3+ 54.Kf2  1-0

[Event "Swiss Queens Wed #44 2024"]
[Site "FIDE Online Arena INT"]
[Date "2024.11.27"]
[Round "3.222"]
[White "Kosteniuk,A"]
[Black "Krush,I"]
[Result "1-0"]
[WhiteElo "2487"]
[BlackElo "2377"]

1.e4 c5 2.d4 cxd4 3.Qxd4 Nc6 4.Qd3 Nf6 5.Nc3 e6 6.Bf4 a6 7.O-O-O b5 8.Qe2 b4
9.Na4 d6 10.Nf3 Be7 11.Rg1 O-O 12.b3 Qc7 13.Qd3 Ne5 14.Nxe5 dxe5 15.Bg3 Bd7
16.Nb2 Bb5 17.Qf3 Rfc8 18.Bc4 Nd7 19.Kb1 Nb6 20.Bd3 f6 21.Qe2 Qc6 22.Rc1 Bc5
23.c4 bxc3 24.Rxc3 Qe8 25.Rgc1 Bd4 26.Rxc8 Rxc8 27.Rxc8 Nxc8 28.Bxb5 axb5
29.f3 Qc6 30.Qc2 Qd7 31.Nd3 Ne7 32.Be1 h5 33.h4 Ng6 34.g3 Ne7 35.Nb4 Kh7
36.Qd3 Nc8 37.Nc2 Ne7 38.f4 Nc6 39.Qd1 Kg6 40.Bc3 Qa7 41.f5+ exf5 42.exf5+ Kxf5
43.Qxh5+ Ke6 44.Qg4+ Kf7 45.Bxd4 Nxd4 46.Nxd4 exd4 47.Qh5+ Kg8 48.Qxb5 Kh7
49.Qd3+ Kg8 50.a4 Qc5 51.Kb2 Qd5 52.Qc4 Qxc4 53.bxc4  1-0

[Event "Swiss Queens Wed #44 2024"]
[Site "FIDE Online Arena INT"]
[Date "2024.11.27"]
[Round "4.186"]
[White "Krush,I"]
[Black "Ismayil,Malak"]
[Result "1-0"]
[WhiteElo "2377"]
[BlackElo "2122"]

1.Nf3 Nf6 2.c4 e6 3.Nc3 d5 4.e3 Be7 5.d4 O-O 6.Bd3 c5 7.O-O dxc4 8.Bxc4 Nc6
9.a3 cxd4 10.exd4 Nd5 11.Qd3 Bf6 12.Bb3 h6 13.Bc2 g6 14.Bxh6 Re8 15.Rfe1 Bd7
16.Ne4 Be7 17.Neg5 Rf8 18.Nxf7 Nf4 19.Nxd8 Nxd3 20.Nxc6 Nxe1 21.Nxe7+ Kf7
22.Rxe1 Kxe7 23.Bxf8+  1-0

[Event "Swiss Queens Wed #44 2024"]
[Site "FIDE Online Arena INT"]
[Date "2024.11.27"]
[Round "5.161"]
[White "Yashvi Jain"]
[Black "Krush,I"]
[Result "0-1"]
[WhiteElo "1934"]
[BlackElo "2377"]

1.d4 d5 2.Nf3 Nf6 3.Bf4 e6 4.e3 Bd6 5.Bg3 O-O 6.Nbd2 b6 7.Bd3 c5 8.c3 Ba6
9.Bxa6 Nxa6 10.O-O Nb8 11.Re1 Nc6 12.Qe2 Qc7 13.dxc5 bxc5 14.e4 Bxg3 15.hxg3 Rfd8
16.Rad1 h6 17.exd5 exd5 18.Nb3 Qb6 19.Qc2 a5 20.Ne5 a4 21.Nd2 Nxe5 22.Rxe5 c4
23.Nf3 Rdb8 24.Rd2 a3 25.bxa3 Rxa3 26.Nd4 Qb1+ 27.Qxb1 Rxb1+ 28.Kh2 Ng4+  0-1

[Event "Swiss Queens Wed #44 2024"]
[Site "FIDE Online Arena INT"]
[Date "2024.11.27"]
[Round "6.139"]
[White "Krush,I"]
[Black "Vo Thi Kim Phung"]
[Result "0-1"]
[WhiteElo "2377"]
[BlackElo "2322"]

1.Nf3 Nf6 2.c4 e6 3.d4 d5 4.e3 c6 5.Nbd2 Nbd7 6.b3 Bd6 7.Bb2 O-O 8.Bd3 Qe7
9.Qc2 e5 10.cxd5 cxd5 11.dxe5 Nxe5 12.O-O Bg4 13.Nxe5 Bxe5 14.h3 Rac8 15.Qb1 Bh5
16.Re1 Bg6 17.Bxg6 hxg6 18.Nf3 Bxb2 19.Qxb2 Rc7 20.Rac1 Rfc8 21.Rxc7 Qxc7
22.Nd4 a6 23.Rd1 Ne4 24.Rf1 Qa5 25.a3 Qc3 26.Qxc3 Rxc3 27.Rb1 b5 28.Rd1 Kf8
29.Kf1 Nc5 30.Rb1 Ne6 31.Nf3 Ke7 32.Ke1 Rc2 33.Rd1 Ra2 34.a4 bxa4 35.bxa4 Rxa4
36.Rxd5 Ra2 37.Nd4 Nxd4 38.Rxd4 a5 39.Rc4 g5 40.Rc5 f6 41.Rb5 Kf7 42.Rb7+ Kg6  0-1

[Event "Swiss Queens Wed #44 2024"]
[Site "FIDE Online Arena INT"]
[Date "2024.11.27"]
[Round "7.109"]
[White "Bodnaruk,A"]
[Black "Krush,I"]
[Result "1/2-1/2"]
[WhiteElo "2333"]
[BlackElo "2377"]

1.e4 c5 2.Nc3 a6 3.Nge2 e6 4.g3 b5 5.Bg2 Bb7 6.d4 cxd4 7.Nxd4 Nc6 8.O-O Nxd4
9.Qxd4 Ne7 10.Re1 Nc6 11.Qd1 Bc5 12.Be3 Bxe3 13.Rxe3 O-O 14.Kh1 Ne5 15.b3 Qc7
16.a3 Rfd8 17.Qh5 Rac8 18.f4 Nc6 19.Rd1 b4 20.Nb1 bxa3 21.Nxa3 Nb4 22.c3 Na2
23.Rd2 Nxc3 24.Rc2 Qd6 25.Nc4 Qd1+ 26.Qxd1 Nxd1 27.Re1 d5 28.exd5 Bxd5 29.Bxd5 Rxd5
30.Ra2 Rcd8 31.Rxa6 h5 32.Kg2 Nc3 33.Rc1 Ne4 34.Rc2 Nd2 35.Rb6 Nxc4 36.bxc4 Rd2+
37.Rxd2 Rxd2+ 38.Kh3 Rc2 39.Rc6 g6 40.Rc8+ Kg7 41.c5 Kf6 42.c6 Kf5 43.Rc7 f6
44.Rc8 Rc1 45.Kg2 Rc2+ 46.Kf3 Rc3+ 47.Ke2 Rc2+ 48.Ke3 Rc3+ 49.Kd4 Rc2 50.h3 Rc1
51.Kd3 Rc5 52.Kd4 Rc1 53.Kd3 Rc5 54.Kd4 Rc1  1/2-1/2

[Event "Swiss Queens Wed #44 2024"]
[Site "FIDE Online Arena INT"]
[Date "2024.11.27"]
[Round "8.85"]
[White "Krush,I"]
[Black "Ambartsumova,K"]
[Result "0-1"]
[WhiteElo "2377"]
[BlackElo "2405"]

1.c4 e6 2.Nc3 d5 3.d4 Nf6 4.cxd5 exd5 5.Bg5 c6 6.e3 Be7 7.Bd3 Nbd7 8.Qc2 h6
9.Bh4 Nh5 10.Bxe7 Qxe7 11.Nge2 Nb6 12.O-O O-O 13.Rae1 Bd7 14.Nc1 Rae8 15.Nb3 Qg5
16.Nc5 Bc8 17.a4 Nd7 18.b4 b6 19.Nxd7 Bxd7 20.Rc1 Bh3 21.g3 Bxf1 22.Bxf1 Rc8
23.Bh3 Rc7 24.Nb5 Re7 25.Qxc6 Nf6 26.Nd6 h5 27.Nc8 Ree8 28.Nd6 Rd8 29.Qc7 Ng4
30.Bg2 Qf6 31.Nb7 Qxf2+ 32.Kh1 Nxe3 33.Bh3 Rde8 34.Nd6 Re6 35.Nb5 Rf6 36.Qc3 h4
37.gxh4 Qf3+ 38.Kg1 Rg6+  0-1

[Event "Swiss Queens Wed #44 2024"]
[Site "FIDE Online Arena INT"]
[Date "2024.11.27"]
[Round "9.57"]
[White "Owezdurdiyeva,J"]
[Black "Krush,I"]
[Result "0-1"]
[WhiteElo "2078"]
[BlackElo "2377"]

1.e4 c5 2.Nf3 d6 3.c3 Nf6 4.Bd3 Bg4 5.h3 Bxf3 6.Qxf3 Nc6 7.Bc2 g6 8.O-O Bg7
9.d3 O-O 10.Be3 Nd7 11.Nd2 b5 12.Nb3 a5 13.a4 b4 14.d4 cxd4 15.cxd4 e5 16.d5 Nd4
17.Bxd4 exd4 18.Rad1 d3 19.Bxd3 Bxb2 20.Bb5 Rc8 21.Bxd7 Qxd7 22.Nxa5 Rc3
23.Qf4 Qxa4 24.Nc6 Rc4 25.f3 b3 26.Qxd6 Rc2 27.e5 Qf4 28.Rf2 Re8 29.Qd7 Rxe5
30.Nxe5 Bxe5 31.Rxc2 bxc2 32.Qc8+ Kg7 33.Qxc2 Qh2+ 34.Kf1 Qh1+ 35.Kf2 Qh2
36.Kf1 Bg3 37.Qc3+ f6 38.Ke2 Qxg2+  0-1

[Event "Swiss Queens Wed #44 2024"]
[Site "FIDE Online Arena INT"]
[Date "2024.11.27"]
[Round "10.36"]
[White "Krush,I"]
[Black "Girya,O"]
[Result "1-0"]
[WhiteElo "2377"]
[BlackElo "2398"]

1.Nf3 Nf6 2.c4 e6 3.e3 d5 4.d4 b6 5.Nbd2 Nbd7 6.b3 Bd6 7.Bb2 Bb7 8.Bd3 Ne4
9.O-O O-O 10.Ne5 Nxe5 11.dxe5 Bb4 12.Nf3 Nc5 13.Be2 dxc4 14.Bxc4 Ne4 15.Qc2 Ng5
16.Nd4 c5 17.Nb5 Nf3+ 18.Kh1 Qg5 19.e4 Nh4 20.f3 Rad8 21.Nd6 Bc6 22.Rad1 b5
23.Be2 c4 24.g3 Ng6 25.bxc4 Nxe5 26.cxb5 Bxd6 27.bxc6 Qe7 28.f4 Ng6 29.e5 Bc7
30.Bf3 Bb6 31.Rxd8 Rxd8 32.Rd1 Qc7 33.Rd3 Ne7 34.Qd2 Rxd3 35.Qxd3 Nxc6 36.Qc4 Ne7
37.Qxc7 Bxc7 38.Ba3 Nd5 39.Bxd5 exd5 40.Kg2 f6 41.e6 f5 42.Kf3 Bb6 43.Ke2 g6
44.h3 Kg7 45.g4 Kf6 46.e7 Kf7 47.Kd3 Bc7 48.gxf5 gxf5 49.Ke3 Bb6+ 50.Kd3 Ke8
51.Bd6 Kd7 52.Bb4 a6 53.a4 Bf2 54.Ba3 Bg3 55.Kd4 Bxf4 56.Kxd5 Bg3 57.Bb4 Bh2
58.Ba3 Bg3 59.Bc5 a5 60.Bb6 Kxe7 61.Bxa5 Kf6 62.Bc3+ Kg5 63.a5 Bb8 64.Be5 Ba7
65.Bd4 Bb8 66.a6 f4 67.Kc6 f3 68.Kb7 Be5 69.Be3+ Bf4 70.Bf2  1-0

[Event "Swiss Queens Wed #44 2024"]
[Site "FIDE Online Arena INT"]
[Date "2024.11.27"]
[Round "11.18"]
[White "Krush,I"]
[Black "Kamenskaya,Marina"]
[Result "1-0"]
[WhiteElo "2377"]
[BlackElo "1820"]

1.d4 d5 2.c4 e6 3.Nc3 Nf6 4.cxd5 exd5 5.Bg5 Bb4 6.e3 c5 7.dxc5 Nbd7 8.Ne2 Nxc5
9.a3 Bxc3+ 10.Nxc3 Be6 11.Bb5+ Kf8 12.O-O h6 13.Bf4 Rc8 14.Qd4 a6 15.Be2 Qe7
16.Rad1 Kg8 17.Bf3 Nce4 18.Nxe4 dxe4 19.Bxe4 Nxe4 20.Qxe4 f5 21.Qe5 Kh7 22.Rd6 Rhe8
23.Rfd1 Qf7 24.Qd4 Rc2 25.h3 Rec8 26.Be5 R2c4 27.Qb6 R8c6 28.Qd8 Rxd6 29.Rxd6 Rc5
30.Bd4 Rc1+ 31.Kh2 Rc8 32.Qb6 Bc4 33.Qb4 Bb5 34.Be5 Rc4 35.Qd2 Bc6 36.Rd8 Qg6
37.f3 f4 38.e4 Qg3+ 39.Kg1 Bb5 40.Bxf4 Qh4 41.Kh2 Rc2 42.Qxc2 Qxd8 43.Qc7 Qf8
44.Be5 Bc6 45.h4 Kg8 46.h5 Qf7 47.Qxf7+ Kxf7 48.g4 g6 49.hxg6+ Kxg6 50.Kg3 Kf7
51.Bd6 Ba4 52.Bc5 Ke6 53.Kf4 Kf6 54.Bf8 Kg6 55.Bc5 Kf6 56.Bd4+ Kg6 57.Bf2 Bd1
58.Bh4 a5 59.e5 b5 60.e6 Kg7 61.e7 Kf7 62.Ke4 b4 63.axb4 axb4 64.Kf4 Ke8
65.Bf6 b3 66.Bg7 Kxe7 67.Bxh6 Kf6 68.Bg5+ Kg6 69.Be7 Kf7 70.Bb4 Ke6 71.Bc3 Kf7
72.Bd4 Kg6 73.Bc3 Kf7 74.Kg3 Kg6 75.f4 Be2 76.f5+ Kg5 77.Bd2+ Kf6 78.Kf4 Bd3
79.g5+ Kf7 80.Bc3 Kg8 81.g6 Kf8 82.Kg5 Kg8 83.f6 Be4 84.f7+ Kf8 85.Kf6 Bxg6
86.Bb4+  1-0

[Event "Swiss Queens Wed #46 2024"]
[Site "FIDE Online Arena INT"]
[Date "2024.12.11"]
[Round "2.172"]
[White "Pertseva,Tatyana"]
[Black "Krush,I"]
[Result "0-1"]
[WhiteElo "1698"]
[BlackElo "2378"]

1.c4 e6 2.Nf3 d5 3.b3 Nf6 4.Bb2 c5 5.cxd5 exd5 6.g3 Nc6 7.Bg2 Be7 8.d4 O-O
9.O-O Bg4 10.dxc5 Bxc5 11.Nc3 a6 12.Rc1 Ba7 13.h3 Bh5 14.Na4 Ne4 15.Nc3 Nxg3
16.Re1 Ne4 17.e3 Nf6 18.Ne2 Re8 19.Nf4 Bg6 20.Bxf6 Qxf6 21.Nxd5 Qd6 22.Nf4 Qa3
23.Nxg6 hxg6 24.Qe2 Rad8 25.Red1 Bb8 26.Ng5 Qe7 27.Nf3 Nb4 28.a3 Nd5 29.Qb2 Nf6
30.Rxd8 Rxd8 31.b4 Ne4 32.Qc2 Ba7 33.Rd1 Rxd1+ 34.Qxd1 Nxf2 35.Kxf2 Qxe3+
36.Kg3 Bb8+ 37.Kg4 Qf4+  0-1

[Event "Swiss Queens Wed #46 2024"]
[Site "FIDE Online Arena INT"]
[Date "2024.12.11"]
[Round "3.155"]
[White "Krush,I"]
[Black "Zubritskaya,Valeria"]
[Result "1-0"]
[WhiteElo "2378"]
[BlackElo "1551"]

1.d4 Nf6 2.Nf3 b6 3.c4 Bb7 4.Nc3 e6 5.a3 d5 6.Bg5 Be7 7.e3 Nbd7 8.cxd5 Nxd5
9.Bxe7 Qxe7 10.Bd3 N7f6 11.O-O O-O 12.Rc1 Rac8 13.Qe2 c5 14.Nxd5 Nxd5 15.Ba6 cxd4
16.Nxd4 Qd7 17.h3 h6 18.Rfd1 Rxc1 19.Rxc1 Rc8 20.Rd1 Qe7 21.Nf3 Bxa6 22.Qxa6 Rc7
23.Ne5 f6 24.Nc4 Qc5 25.Rd4 e5 26.b4 Qc6 27.Na5 Qc1+ 28.Kh2 bxa5 29.Rxd5 Qc6
30.Qxa5 Kh7 31.Qb5 Qxb5 32.Rxb5 Kg6 33.Kg3 Kf5 34.Ra5 Ke6 35.Ra6+ Kd7 36.b5 Rb7
37.a4 Kc7 38.h4 Kd7 39.h5 Kc7 40.Kg4 Kd7 41.Kf5 Ke7 42.Kg6 Kf8 43.g4 Rc7
44.f3 Rb7 45.f4 exf4 46.exf4 Re7 47.a5 Rb7 48.b6 axb6 49.Rxb6 Ra7 50.a6 Ke8
51.Rb8+ Kd7 52.Rb7+ Rxb7 53.axb7 Kc7 54.Kxg7 Kxb7 55.Kxf6  1-0

[Event "Swiss Queens Wed #46 2024"]
[Site "FIDE Online Arena INT"]
[Date "2024.12.11"]
[Round "4.139"]
[White "Maltsevskaya,Aleksandra"]
[Black "Krush,I"]
[Result "0-1"]
[WhiteElo "2368"]
[BlackElo "2378"]

1.e4 c5 2.Nf3 d6 3.d4 cxd4 4.Nxd4 Nf6 5.Nc3 Nc6 6.Bg5 e6 7.Qd2 a6 8.O-O-O Bd7
9.h4 Be7 10.f3 h6 11.Be3 h5 12.Kb1 Ne5 13.f4 Neg4 14.Be2 Nxe3 15.Qxe3 Qc7
16.e5 dxe5 17.fxe5 Ng4 18.Bxg4 hxg4 19.g3 b5 20.Rhf1 O-O 21.h5 b4 22.Ne4 Qxe5
23.h6 f5 24.hxg7 Kxg7 25.Rf4 Rad8 26.Qg1 fxe4 27.Rxg4+ Bg5 28.Qe3 Kg6 29.Ne2 Bb5
30.Nf4+ Rxf4  0-1

[Event "Swiss Queens Wed #46 2024"]
[Site "FIDE Online Arena INT"]
[Date "2024.12.11"]
[Round "5.119"]
[White "Krush,I"]
[Black "Blinova,Sofia"]
[Result "1-0"]
[WhiteElo "2378"]
[BlackElo "1732"]

1.d4 Nf6 2.c4 e6 3.Nc3 Bb4 4.e3 b6 5.Ne2 Bb7 6.a3 Bxc3+ 7.Nxc3 O-O 8.Bd3 c5
9.O-O Qe7 10.dxc5 bxc5 11.e4 Nc6 12.Bg5 Ne5 13.f4 Nxd3 14.Qxd3 h6 15.Bh4 Qe8
16.e5 Nh7 17.Nb5 Qc8 18.Nd6 Qc6 19.Rf3 Kh8 20.Rg3 g6 21.Be7 h5 22.Rd1 h4
23.Bxh4 Kg7 24.Nxf7 Rxf7 25.Qxg6+ Kf8 26.Qg8+  1-0

[Event "Swiss Queens Wed #46 2024"]
[Site "FIDE Online Arena INT"]
[Date "2024.12.11"]
[Round "6.104"]
[White "Krush,I"]
[Black "Shukhman,Anna"]
[Result "0-1"]
[WhiteElo "2378"]
[BlackElo "2245"]

1.c4 e5 2.Nc3 Nf6 3.Nf3 e4 4.Ng5 c6 5.Ngxe4 Nxe4 6.Nxe4 d5 7.cxd5 cxd5 8.Ng3 h5
9.e3 h4 10.Bb5+ Nc6 11.Ne2 Qg5 12.O-O Bh3 13.Nf4 Bxg2 14.Nxg2 h3 15.Qf3 hxg2
16.Qxg2 Qf5 17.f4 O-O-O 18.b3 Rh6 19.Kh1 Be7 20.Rf2 Bf6 21.Be2 Rg6 22.Qf1 Bxa1
23.Ba3 Bf6 24.Bd3 Qg4 25.Bxg6 Qxg6 26.f5 Qg4 27.Rg2 Qe4 28.Bc5 Ne5 29.Bxa7 Rh8
30.Bd4 Ng4 31.Bxf6 Rxh2+ 32.Kg1 Rxg2+ 33.Qxg2 Qb1+ 34.Qf1 Qxf1+ 35.Kxf1 Nxf6
36.Ke2 Kd7 37.Kd3 Kd6 38.Kd4 Nd7 39.b4 Ne5 40.d3 Nf3+ 41.Kc3 g6 42.fxg6 fxg6
43.a4 g5 44.e4 g4  0-1

[Event "Swiss Queens Wed #46 2024"]
[Site "FIDE Online Arena INT"]
[Date "2024.12.11"]
[Round "7.76"]
[White "Ismayil,Malak"]
[Black "Krush,I"]
[Result "1-0"]
[WhiteElo "2122"]
[BlackElo "2378"]

1.e4 c5 2.Nf3 d6 3.Bb5+ Nd7 4.O-O Nf6 5.Re1 a6 6.Bf1 e6 7.d4 cxd4 8.Nxd4 Be7
9.c4 O-O 10.Nc3 Qc7 11.Bg5 b6 12.Rc1 Bb7 13.b3 Rac8 14.Qd2 Qb8 15.Bh4 Qa8
16.f3 Ne5 17.Bf2 Bd8 18.Red1 Bc7 19.a4 d5 20.exd5 exd5 21.Nf5 dxc4 22.Qg5 Ng6
23.Bd4 Ne8 24.Bxc4 Qb8 25.h4 Be5 26.h5 Bxd4+ 27.Rxd4 Ne5 28.Ne7+ Kh8 29.Nxc8 Bxc8
30.Rd8 f6 31.Qd2 Qc7 32.Ne4 Bd7 33.Ra8 Qb7 34.Bd5 Bc6 35.Bxc6 Nxc6 36.Rxe8 Rxe8
37.Nd6 Qd7 38.Qd5 Ne5 39.f4 Rd8 40.fxe5 fxe5 41.Nf7+ Kg8 42.Nh6+ Kh8 43.Qxd7  1-0

[Event "Swiss Queens Wed #46 2024"]
[Site "FIDE Online Arena INT"]
[Date "2024.12.11"]
[Round "8.55"]
[White "Tomilova,E"]
[Black "Krush,I"]
[Result "1-0"]
[WhiteElo "2207"]
[BlackElo "2378"]

1.d4 d5 2.c4 dxc4 3.e3 Nf6 4.Bxc4 e6 5.Nf3 c5 6.O-O a6 7.a4 Nc6 8.Nc3 Be7
9.d5 exd5 10.Nxd5 Nxd5 11.Bxd5 Qc7 12.e4 Bg4 13.Be3 Ne5 14.Bf4 Bxf3 15.Bxe5 Qxe5
16.Qxf3 O-O 17.Bxb7 Ra7 18.Bd5 Qxb2 19.Rab1 Qe5 20.Rb6 Bf6 21.Rfb1 h6 22.h3 Rc8
23.Rb7 Rxb7 24.Rxb7 Rc7 25.Qb3 Qa1+ 26.Kh2 Qe5+ 27.g3 Rxb7 28.Qxb7 Be7 29.Qxa6 Qd4
30.Qc8+ Bf8 31.Kg2 g6 32.Qd7 Qf6 33.a5 c4 34.Bxc4 Kg7 35.Qc7 Bd6 36.Qc6 Qd4
37.Qd7 Qf6 38.a6 Bc5 39.f4 Qb2+ 40.Kh1 Qb1+ 41.Kg2 Qg1+ 42.Kf3 Qf2+ 43.Kg4 h5+
44.Kh4 Qf3 45.Qxf7+ Kh6 46.a7 Bf2 47.Qf8+ Kh7 48.Qg8+ Kh6 49.Qh8+  1-0